[Event "Bundesliga 0001"]
[Site "Deutschland"]
[Date "2001.01.07"]
[Round "5.8"]
[White "Bewersdorff, Oliver"]
[Black "Balzar, Andreas"]
[Result "1/2-1/2"]
[WhiteElo "2364"]
[BlackElo "2346"]
[PlyCount "57"]
[EventDate "2000.10.14"]
[EventType "team"]
[EventRounds "15"]
[EventCountry "GER"]
[SourceTitle "Bundesliga 0001"]
[Source "DeepChess"]
[SourceDate "2005.01.01"]
[SourceVersion "1"]
[SourceVersionDate "2005.01.01"]
[SourceQuality "1"]
[WhiteTeam "TSV Schott Mainz"]
[BlackTeam "SF 1982 Baiertal Schatthausen"]
[WhiteTeamCountry "GER"]
[BlackTeamCountry "GER"]

1. d4 d5 2. c4 c6 3. Nf3 Nf6 4. Qc2 e6 5. g3 dxc4 6. Qxc4 b5 7. Qc2 Bb7 8. Bg2
Nbd7 9. O-O Qb6 10. e4 c5 11. d5 e5 12. a4 a6 13. axb5 axb5 14. Rxa8+ Bxa8 15.
b3 Bd6 16. Nh4 O-O 17. Nf5 Bb8 18. Nc3 g6 19. Ne3 Bb7 20. Kh1 Ba6 21. f4 Bd6
22. f5 c4 23. bxc4 bxc4 24. Bd2 Qb3 25. Rb1 Qxc2 26. Nxc2 Rb8 27. Rxb8+ Nxb8
28. Ne3 Nbd7 29. Bf1 1/2-1/2

[Event "Bundesliga 0001"]
[Site "Deutschland"]
[Date "2001.01.07"]
[Round "5.1"]
[White "Rabiega, Robert"]
[Black "Movsesian, Sergei"]
[Result "1/2-1/2"]
[WhiteElo "2487"]
[BlackElo "2666"]
[PlyCount "35"]
[EventDate "2000.10.14"]
[EventType "team"]
[EventRounds "15"]
[EventCountry "GER"]
[SourceTitle "Bundesliga 0001"]
[Source "DeepChess"]
[SourceDate "2005.01.01"]
[SourceVersion "1"]
[SourceVersionDate "2005.01.01"]
[SourceQuality "1"]
[WhiteTeam "SK Koenig Tegel 1949 e.V. "]
[BlackTeam "SF Neukoelln 03 e.V."]
[WhiteTeamCountry "GER"]
[BlackTeamCountry "GER"]

1. e4 c5 2. c3 d6 3. d4 Nf6 4. Bd3 e5 5. dxe5 dxe5 6. Nf3 Nc6 7. Qe2 Qc7 8. O-O
Be7 9. Nbd2 O-O 10. Nc4 Be6 11. Bg5 Nh5 12. g3 Rfd8 13. Ne3 h6 14. Nd5 Bxd5 15.
exd5 Rxd5 16. Bxe7 Qxe7 17. Be4 Rd6 18. Bxc6 1/2-1/2

[Event "Bundesliga 0001"]
[Site "Deutschland"]
[Date "2001.01.07"]
[Round "5.2"]
[White "Stohl, Igor"]
[Black "Muse, Mladen"]
[Result "1-0"]
[WhiteElo "2578"]
[BlackElo "2510"]
[PlyCount "69"]
[EventDate "2000.10.14"]
[EventType "team"]
[EventRounds "15"]
[EventCountry "GER"]
[SourceTitle "Bundesliga 0001"]
[Source "DeepChess"]
[SourceDate "2005.01.01"]
[SourceVersion "1"]
[SourceVersionDate "2005.01.01"]
[SourceQuality "1"]
[WhiteTeam "SF Neukoelln 03 e.V."]
[BlackTeam "SK Koenig Tegel 1949 e.V. "]
[WhiteTeamCountry "GER"]
[BlackTeamCountry "GER"]

1. Nf3 Nf6 2. c4 g6 3. d4 Bg7 4. g3 O-O 5. Bg2 d6 6. O-O c6 7. Nc3 Qa5 8. e4 e5
9. h3 Nbd7 10. Be3 exd4 11. Bxd4 Ne5 12. c5 Nxf3+ 13. Qxf3 Ne8 14. Bxg7 Kxg7
15. cxd6 Nxd6 16. Rfd1 Nc4 17. b3 Ne5 18. Qe3 f6 19. Na4 Re8 20. f4 Nf7 21. Kh2
Qh5 22. Rd2 Nh6 23. Qc3 Nf7 24. Nc5 Re7 25. Re1 Bg4 26. e5 fxe5 27. fxe5 Ng5
28. e6+ Kh6 29. h4 Rf8 30. Re5 Rf3 31. Qd4 Bf5 32. Rf2 b6 33. Rxf5 Rxf5 34.
Rxf5 bxc5 35. Qf6 1-0

[Event "Bundesliga 0001"]
[Site "Deutschland"]
[Date "2001.01.07"]
[Round "5.3"]
[White "Paulsen, Dirk"]
[Black "Borriss, Martin"]
[Result "0-1"]
[WhiteElo "2431"]
[BlackElo "2439"]
[PlyCount "128"]
[EventDate "2000.10.14"]
[EventType "team"]
[EventRounds "15"]
[EventCountry "GER"]
[SourceTitle "Bundesliga 0001"]
[Source "DeepChess"]
[SourceDate "2005.01.01"]
[SourceVersion "1"]
[SourceVersionDate "2005.01.01"]
[SourceQuality "1"]
[WhiteTeam "SK Koenig Tegel 1949 e.V. "]
[BlackTeam "SF Neukoelln 03 e.V."]
[WhiteTeamCountry "GER"]
[BlackTeamCountry "GER"]

1. d4 Nf6 2. c4 g6 3. Nc3 Bg7 4. e4 d6 5. h3 O-O 6. Be3 e5 7. d5 Na6 8. g4 Nc5
9. Bd3 c6 10. Nge2 cxd5 11. cxd5 Nxd3+ 12. Qxd3 Nd7 13. Ng3 Nc5 14. Qc2 a5 15.
Nb5 b6 16. a4 Ba6 17. Ne2 Qd7 18. Nec3 Rac8 19. O-O f5 20. f3 Rf7 21. Kh2 Rcf8
22. Bxc5 bxc5 23. gxf5 gxf5 24. exf5 Bh6 25. Ne4 Bf4+ 26. Kh1 Rxf5 27. Rg1+ Kh8
28. Rg4 Be3 29. Rf1 Bxb5 30. axb5 Qxb5 31. Qg2 Qd7 32. Re1 Bd4 33. Ng5 Rf4 34.
Ne6 Rxg4 35. hxg4 Rb8 36. Re2 Qa4 37. Kh2 Qd1 38. Kg3 Qb3 39. Qh3 Qxd5 40. Qh6
e4 41. Ng5 Be5+ 42. Kh3 Rb7 43. Rxe4 Rg7 44. f4 Qd1 45. Kh2 Qxg4 46. fxe5 Qxg5
47. Qxg5 Rxg5 48. exd6 Rd5 49. Re8+ Kg7 50. Re7+ Kf6 51. Rxh7 Rxd6 52. Rb7 Ke5
53. Kg3 Rf6 54. Rd7 Ke4 55. Kg2 Rb6 56. Rd2 Ke3 57. Rc2 Rb5 58. Kf1 Kd3 59.
Rc3+ Kd2 60. Rc4 a4 61. Rxa4 Rxb2 62. Rh4 Rb4 63. Rh2+ Kd1 64. Rf2 Re4 0-1

[Event "Bundesliga 0001"]
[Site "Deutschland"]
[Date "2001.01.07"]
[Round "5.4"]
[White "Polzin, Rainer"]
[Black "Lipinsky, Fabian"]
[Result "1-0"]
[WhiteElo "2465"]
[BlackElo "2362"]
[PlyCount "139"]
[EventDate "2000.10.14"]
[EventType "team"]
[EventRounds "15"]
[EventCountry "GER"]
[SourceTitle "Bundesliga 0001"]
[Source "DeepChess"]
[SourceDate "2005.01.01"]
[SourceVersion "1"]
[SourceVersionDate "2005.01.01"]
[SourceQuality "1"]
[WhiteTeam "SF Neukoelln 03 e.V."]
[BlackTeam "SK Koenig Tegel 1949 e.V. "]
[WhiteTeamCountry "GER"]
[BlackTeamCountry "GER"]

1. e4 e5 2. Bc4 Nf6 3. d4 exd4 4. Nf3 Nc6 5. e5 d5 6. Bb5 Nd7 7. O-O Be7 8. Re1
O-O 9. Bxc6 bxc6 10. Nxd4 Nb8 11. Qf3 c5 12. Nf5 Bxf5 13. Qxf5 Nc6 14. c3 Qc8
15. Qc2 Qe6 16. f4 g6 17. Be3 f6 18. exf6 Qxf6 19. Nd2 Bd6 20. Nf3 d4 21. cxd4
Nxd4 22. Qc4+ Qf7 23. Qxf7+ Rxf7 24. Bxd4 cxd4 25. g3 Rf5 26. Rac1 Ra5 27. Ra1
Rb8 28. Re2 d3 29. Rd2 Rab5 30. b3 Ra5 31. Rxd3 Rc5 32. Rad1 Re8 33. R1d2 Rc1+
34. Kg2 Re4 35. Rd4 Re8 36. Rc4 Rb1 37. Ng5 Ree1 38. Ne4 Rg1+ 39. Kh3 Rbd1 40.
Rcd4 Rxd2 41. Rxd2 Ra1 42. Kg2 Kf7 43. Kf3 h6 44. a4 Ra3 45. Rd3 Ke6 46. h3 Ra1
47. Re3 Kf7 48. Nxd6+ cxd6 49. Ke4 Ke6 50. Kd4+ Kd7 51. Kc4 Rd1 52. Rd3 Rc1+
53. Kb5 Rc6 54. b4 Kc7 55. Ka5 Rc4 56. b5 Kd7 57. Ra3 d5 58. Ka6 Rc7 59. a5 Kc8
60. Re3 Rf7 61. Re8+ Kd7 62. Re5 Kd6 63. b6 axb6 64. axb6 Kc6 65. Re6+ Kc5 66.
b7 Rf8 67. Ka7 d4 68. b8=Q Rxb8 69. Kxb8 d3 70. Kc7 1-0

[Event "Bundesliga 0001"]
[Site "Deutschland"]
[Date "2001.01.07"]
[Round "5.5"]
[White "Von Herman, Ulf"]
[Black "Hellsten, Johan"]
[Result "0-1"]
[WhiteElo "2357"]
[BlackElo "2470"]
[PlyCount "90"]
[EventDate "2000.10.14"]
[EventType "team"]
[EventRounds "15"]
[EventCountry "GER"]
[SourceTitle "Bundesliga 0001"]
[Source "DeepChess"]
[SourceDate "2005.01.01"]
[SourceVersion "1"]
[SourceVersionDate "2005.01.01"]
[SourceQuality "1"]
[WhiteTeam "SK Koenig Tegel 1949 e.V. "]
[BlackTeam "SF Neukoelln 03 e.V."]
[WhiteTeamCountry "GER"]
[BlackTeamCountry "GER"]

1. d4 Nf6 2. c4 e6 3. Nf3 b6 4. a3 Bb7 5. Nc3 d5 6. cxd5 exd5 7. Bf4 Be7 8. e3
O-O 9. Bd3 Nbd7 10. Rc1 a6 11. O-O Re8 12. Qe2 c5 13. Rfd1 c4 14. Bb1 b5 15.
Ne5 Qb6 16. Qf3 Rad8 17. Nxd7 Rxd7 18. Be5 Rdd8 19. Qg3 Bd6 20. f4 Be7 21. Rd2
Bf8 22. Rf1 Ne4 23. Bxe4 dxe4 24. d5 f6 25. Bd4 Bc5 26. Rfd1 a5 27. Bxc5 Qxc5
28. Rd4 f5 29. Qe1 Rd6 30. Qe2 Ba6 31. Qd2 Red8 32. g4 b4 33. axb4 axb4 34. Na2
Rb8 35. gxf5 Bc8 36. Qc1 Bxf5 37. Qxc4 Qa5 38. Nxb4 Rg6+ 39. Kf2 Qd8 40. Rf1
Qh4+ 41. Ke2 Rg2+ 42. Kd1 Bg4+ 43. Kc1 Be2 44. Qc7 Ra8 45. Rh1 Bd3 0-1

[Event "Bundesliga 0001"]
[Site "Deutschland"]
[Date "2001.01.07"]
[Round "5.6"]
[White "Poldauf, Dirk"]
[Black "Fette, Martin"]
[Result "1-0"]
[WhiteElo "2421"]
[BlackElo "2346"]
[PlyCount "69"]
[EventDate "2000.10.14"]
[EventType "team"]
[EventRounds "15"]
[EventCountry "GER"]
[SourceTitle "Bundesliga 0001"]
[Source "DeepChess"]
[SourceDate "2005.01.01"]
[SourceVersion "1"]
[SourceVersionDate "2005.01.01"]
[SourceQuality "1"]
[WhiteTeam "SF Neukoelln 03 e.V."]
[BlackTeam "SK Koenig Tegel 1949 e.V. "]
[WhiteTeamCountry "GER"]
[BlackTeamCountry "GER"]

1. c4 e5 2. Nc3 Nf6 3. Nf3 Nc6 4. g3 Bb4 5. Bg2 O-O 6. O-O Re8 7. Nd5 Bf8 8. d3
h6 9. Nxf6+ Qxf6 10. Nd2 d6 11. Ne4 Qd8 12. Nc3 g6 13. Nd5 Bg7 14. Rb1 Nd4 15.
e3 Nf5 16. b4 c6 17. Nc3 Be6 18. b5 d5 19. bxc6 bxc6 20. Qa4 Ne7 21. Ba3 e4 22.
d4 Bd7 23. Rb7 Nc8 24. cxd5 Nb6 25. Qa5 Nxd5 26. Qxd8 Rexd8 27. Nxe4 Nb6 28.
Nc5 Be8 29. Nb3 Nd5 30. Rc1 a5 31. Nd2 Nb4 32. Bxb4 axb4 33. Rxb4 Rxa2 34. Nf1
Bf8 35. Rbc4 1-0

[Event "Bundesliga 0001"]
[Site "Deutschland"]
[Date "2001.01.07"]
[Round "5.7"]
[White "Pachow, Joerg"]
[Black "Rudolf, Henrik"]
[Result "1/2-1/2"]
[WhiteElo "2297"]
[BlackElo "2308"]
[PlyCount "86"]
[EventDate "2000.10.14"]
[EventType "team"]
[EventRounds "15"]
[EventCountry "GER"]
[SourceTitle "Bundesliga 0001"]
[Source "DeepChess"]
[SourceDate "2005.01.01"]
[SourceVersion "1"]
[SourceVersionDate "2005.01.01"]
[SourceQuality "1"]
[WhiteTeam "SK Koenig Tegel 1949 e.V. "]
[BlackTeam "SF Neukoelln 03 e.V."]
[WhiteTeamCountry "GER"]
[BlackTeamCountry "GER"]

1. e4 g6 2. Nf3 Bg7 3. d4 d6 4. Be2 Nf6 5. Nc3 O-O 6. O-O c6 7. a4 Nbd7 8. a5
Qc7 9. Be3 Rb8 10. Nd2 b5 11. axb6 axb6 12. f4 b5 13. e5 Nd5 14. Nxd5 cxd5 15.
Bd3 dxe5 16. fxe5 f6 17. e6 Nb6 18. Bf4 Qb7 19. Nb3 Ra8 20. Qe2 Rxa1 21. Rxa1
Nc4 22. Nc5 Qb6 23. b3 f5 24. c3 Nd6 25. Bxd6 Qxd6 26. Bxb5 f4 27. Qf3 Bxe6 28.
Ra6 Qb8 29. Rxe6 Qxb5 30. Rxe7 Kh8 31. Qe2 Qa5 32. Ne6 Qxc3 33. Nxf8 Bxd4+ 34.
Kf1 Be3 35. g3 d4 36. gxf4 Qa1+ 37. Kg2 Qg1+ 38. Kf3 Qh1+ 39. Qg2 Qd1+ 40. Qe2
Qh1+ 41. Qg2 Qd1+ 42. Ke4 Qb1+ 43. Kf3 Qd1+ 1/2-1/2

[Event "Bundesliga 0001"]
[Site "Deutschland"]
[Date "2001.01.07"]
[Round "5.8"]
[White "Thiede, Lars"]
[Black "Lorenz, Sascha"]
[Result "0-1"]
[WhiteElo "2421"]
[BlackElo "2298"]
[PlyCount "55"]
[EventDate "2000.10.14"]
[EventType "team"]
[EventRounds "15"]
[EventCountry "GER"]
[SourceTitle "Bundesliga 0001"]
[Source "DeepChess"]
[SourceDate "2005.01.01"]
[SourceVersion "1"]
[SourceVersionDate "2005.01.01"]
[SourceQuality "1"]
[WhiteTeam "SF Neukoelln 03 e.V."]
[BlackTeam "SK Koenig Tegel 1949 e.V. "]
[WhiteTeamCountry "GER"]
[BlackTeamCountry "GER"]

1. g3 Nf6 2. c4 g6 3. Bg2 Bg7 4. Nc3 O-O 5. d3 d6 6. Nf3 e5 7. O-O h6 8. Rb1 a5
9. a3 Re8 10. Nd2 c6 11. b4 axb4 12. axb4 d5 13. Qc2 Be6 14. Rd1 Nbd7 15. Na4
Bg4 16. f3 Be6 17. e4 Bf8 18. c5 Nh5 19. Bb2 f5 20. d4 Qg5 21. exd5 Bxd5 22.
dxe5 Nxe5 23. Nb6 Qe3+ 24. Kh1 Nd3 25. Ndc4 Nf2+ 26. Kg1 Nh3+ 27. Kh1 Qf2 28.
Qd3 0-1

[Event "Bundesliga 0001"]
[Site "Deutschland"]
[Date "2001.01.07"]
[Round "5.2"]
[White "Hertneck, Gerald"]
[Black "Kindermann, Stefan"]
[Result "1/2-1/2"]
[WhiteElo "2541"]
[BlackElo "2519"]
[PlyCount "46"]
[EventDate "2000.10.14"]
[EventType "team"]
[EventRounds "15"]
[EventCountry "GER"]
[SourceTitle "Bundesliga 0001"]
[Source "DeepChess"]
[SourceDate "2005.01.01"]
[SourceVersion "1"]
[SourceVersionDate "2005.01.01"]
[SourceQuality "1"]
[WhiteTeam "TV Tegernsee"]
[BlackTeam "SK Koenig Plauen"]
[WhiteTeamCountry "GER"]
[BlackTeamCountry "GER"]

1. d4 d5 2. c4 c6 3. Nf3 Nf6 4. Nc3 a6 5. a4 e6 6. g3 dxc4 7. Bg2 c5 8. dxc5
Qxd1+ 9. Nxd1 Nc6 10. Be3 Nd5 11. Rc1 c3 12. O-O Bd7 13. Bf4 Bxc5 14. Nxc3 Nxf4
15. gxf4 Bb4 16. Ne4 Ke7 17. Nc5 Bxc5 18. Rxc5 Rac8 19. Rfc1 Nb4 20. Rc7 Nd5
21. Rxc8 Rxc8 22. Rxc8 Bxc8 23. e3 Nb4 1/2-1/2

[Event "Bundesliga 0001"]
[Site "Deutschland"]
[Date "2001.01.07"]
[Round "5.3"]
[White "Espig, Lutz"]
[Black "Beim, Valery"]
[Result "0-1"]
[WhiteElo "2401"]
[BlackElo "2528"]
[PlyCount "108"]
[EventDate "2000.10.14"]
[EventType "team"]
[EventRounds "15"]
[EventCountry "GER"]
[SourceTitle "Bundesliga 0001"]
[Source "DeepChess"]
[SourceDate "2005.01.01"]
[SourceVersion "1"]
[SourceVersionDate "2005.01.01"]
[SourceQuality "1"]
[WhiteTeam "SK Koenig Plauen"]
[BlackTeam "TV Tegernsee"]
[WhiteTeamCountry "GER"]
[BlackTeamCountry "GER"]

1. d4 d6 2. e4 g6 3. Nc3 Bg7 4. g3 Nf6 5. Bg2 O-O 6. Nge2 c6 7. O-O e5 8. a4 a5
9. h3 Na6 10. Be3 Nb4 11. Qd2 Be6 12. Rfd1 Bc4 13. b3 Ba6 14. Na2 exd4 15. Bxd4
Re8 16. f3 Nxa2 17. Rxa2 d5 18. Nc3 dxe4 19. Nxe4 Nxe4 20. fxe4 Bxd4+ 21. Qxd4
c5 22. Qxd8 Raxd8 23. Raa1 c4 24. bxc4 Bxc4 25. Rab1 Rxd1+ 26. Rxd1 Rc8 27. e5
Be6 28. Bxb7 Rxc2 29. g4 Rc5 30. Re1 Rc3 31. Kg2 Kf8 32. Rd1 Rc5 33. Ba6 Rxe5
34. Bb5 h5 35. Rd4 Ke7 36. gxh5 Rxh5 37. h4 Rc5 38. Kg3 Rc3+ 39. Kf4 Rh3 40.
Kg5 Rg3+ 41. Kh6 Kf6 42. Be8 Rh3 43. Bc6 g5 44. h5 g4 45. Rf4+ Ke5 46. Rf1 Bf5
47. Be8 Rf3 48. Rd1 Kf6 49. Bd7 Bxd7 50. Rxd7 g3 51. Rd2 Rf4 52. Kh7 Rg4 53.
Rg2 Kf5 54. h6 Rg6 0-1

[Event "Bundesliga 0001"]
[Site "Deutschland"]
[Date "2001.01.07"]
[Round "5.5"]
[White "Hackel, Mario"]
[Black "Teske, Henrik"]
[Result "0-1"]
[WhiteElo "2338"]
[BlackElo "2463"]
[PlyCount "66"]
[EventDate "2000.10.14"]
[EventType "team"]
[EventRounds "15"]
[EventCountry "GER"]
[SourceTitle "Bundesliga 0001"]
[Source "DeepChess"]
[SourceDate "2005.01.01"]
[SourceVersion "1"]
[SourceVersionDate "2005.01.01"]
[SourceQuality "1"]
[WhiteTeam "SK Koenig Plauen"]
[BlackTeam "TV Tegernsee"]
[WhiteTeamCountry "GER"]
[BlackTeamCountry "GER"]

1. d4 e6 2. Nf3 d5 3. c4 Bb4+ 4. Nc3 Ne7 5. e3 c5 6. Qc2 cxd4 7. exd4 Nbc6 8.
a3 Bxc3+ 9. bxc3 b6 10. cxd5 Qxd5 11. Bd3 Bb7 12. c4 Qh5 13. h3 O-O 14. Be3
Rac8 15. Rb1 Nf5 16. Bxf5 exf5 17. O-O Na5 18. Nd2 Qg6 19. f3 Qe6 20. Rfe1 Nxc4
21. Nxc4 Rxc4 22. Qd2 Rfc8 23. Bf2 Qd7 24. Rbc1 b5 25. Rxc4 bxc4 26. Qb4 Bd5
27. Re7 Qd8 28. Rxa7 c3 29. Be3 c2 30. Bc1 Be6 31. Rb7 h6 32. a4 Rc4 33. Rb8
Rxb4 0-1

[Event "Bundesliga 0001"]
[Site "Deutschland"]
[Date "2001.01.07"]
[Round "5.6"]
[White "Gross, David2"]
[Black "Kuraszkiewicz, Michael"]
[Result "1-0"]
[WhiteElo "2484"]
[BlackElo "2309"]
[PlyCount "57"]
[EventDate "2000.10.14"]
[EventType "team"]
[EventRounds "15"]
[EventCountry "GER"]
[SourceTitle "Bundesliga 0001"]
[Source "DeepChess"]
[SourceDate "2005.01.01"]
[SourceVersion "1"]
[SourceVersionDate "2005.01.01"]
[SourceQuality "1"]
[WhiteTeam "TV Tegernsee"]
[BlackTeam "SK Koenig Plauen"]
[WhiteTeamCountry "GER"]
[BlackTeamCountry "GER"]

1. e4 e6 2. d4 d5 3. Nc3 Nf6 4. Bg5 dxe4 5. Nxe4 Be7 6. Bxf6 gxf6 7. Nf3 a6 8.
g3 b5 9. Bg2 Bb7 10. Qe2 Bd5 11. Nc3 c6 12. Nxd5 cxd5 13. O-O O-O 14. a4 b4 15.
c4 bxc3 16. bxc3 Nc6 17. c4 dxc4 18. Nh4 Nxd4 19. Qg4+ Kh8 20. Bxa8 f5 21. Qd1
Bxh4 22. gxh4 e5 23. Bg2 Rg8 24. Kh1 f4 25. Qh5 f5 26. Rab1 Rg7 27. Rb7 Rxb7
28. Bxb7 c3 29. Qf7 1-0

[Event "Bundesliga 0001"]
[Site "Deutschland"]
[Date "2001.01.07"]
[Round "5.7"]
[White "Pfretzschner, Roland"]
[Black "Pezerovic, Edin"]
[Result "1/2-1/2"]
[WhiteElo "2295"]
[BlackElo "2426"]
[PlyCount "84"]
[EventDate "2000.10.14"]
[EventType "team"]
[EventRounds "15"]
[EventCountry "GER"]
[SourceTitle "Bundesliga 0001"]
[Source "DeepChess"]
[SourceDate "2005.01.01"]
[SourceVersion "1"]
[SourceVersionDate "2005.01.01"]
[SourceQuality "1"]
[WhiteTeam "SK Koenig Plauen"]
[BlackTeam "TV Tegernsee"]
[WhiteTeamCountry "GER"]
[BlackTeamCountry "GER"]

1. e4 c6 2. d4 d5 3. exd5 cxd5 4. c4 Nf6 5. Nc3 e6 6. Nf3 Be7 7. cxd5 Nxd5 8.
Bd3 Nc6 9. O-O O-O 10. Re1 Bf6 11. Be4 Nce7 12. Ne5 g6 13. Bh6 Bg7 14. Bxg7
Kxg7 15. Qb3 b6 16. Nxd5 exd5 17. Bf3 Qd6 18. Nd3 Be6 19. Qb4 Qxb4 20. Nxb4
Rac8 21. Rac1 Rfd8 22. h3 a5 23. Nc2 Nc6 24. Red1 Kf6 25. Kf1 Ke7 26. Ne3 Kd6
27. Be2 Nb4 28. a3 Rxc1 29. Rxc1 Nc6 30. Rd1 Rb8 31. f4 f5 32. Nc2 b5 33. b3 b4
34. a4 Rc8 35. Ne1 Nd8 36. Nf3 Rc2 37. Rd2 Rc3 38. Rd3 Rc7 39. Ke1 Bc8 40. Rd2
Ne6 41. g3 h6 42. h4 Rc3 1/2-1/2

[Event "Bundesliga 0001"]
[Site "Deutschland"]
[Date "2001.01.07"]
[Round "5.8"]
[White "Bromberger, Stefan"]
[Black "Haskamp, Stephan"]
[Result "1-0"]
[WhiteElo "2375"]
[BlackElo "2290"]
[PlyCount "59"]
[EventDate "2000.10.14"]
[EventType "team"]
[EventRounds "15"]
[EventCountry "GER"]
[SourceTitle "Bundesliga 0001"]
[Source "DeepChess"]
[SourceDate "2005.01.01"]
[SourceVersion "1"]
[SourceVersionDate "2005.01.01"]
[SourceQuality "1"]
[WhiteTeam "TV Tegernsee"]
[BlackTeam "SK Koenig Plauen"]
[WhiteTeamCountry "GER"]
[BlackTeamCountry "GER"]

1. d4 d6 2. e4 g6 3. Nc3 Bg7 4. Be3 a6 5. Qd2 Nd7 6. O-O-O b5 7. f3 Bb7 8. d5
c6 9. dxc6 Bxc6 10. Nge2 h5 11. Nd4 Bb7 12. h3 Ngf6 13. Rg1 Qa5 14. g4 hxg4 15.
hxg4 b4 16. Nb1 d5 17. Nb3 Qc7 18. g5 dxe4 19. gxf6 Nxf6 20. Qxb4 Nd5 21. Rxd5
Bxd5 22. fxe4 Bxb3 23. axb3 Qh2 24. Qe1 Qe5 25. Nc3 Qa5 26. Kb1 Rc8 27. Bc4 O-O
28. Rxg6 Rxc4 29. Rg5 Qb4 30. Qg1 1-0

[Event "Bundesliga 0001"]
[Site "Deutschland"]
[Date "2001.01.07"]
[Round "5.1"]
[White "Van der Sterren, Paul"]
[Black "Aronian, Levon"]
[Result "1/2-1/2"]
[WhiteElo "2569"]
[BlackElo "2551"]
[PlyCount "82"]
[EventDate "2000.10.14"]
[EventType "team"]
[EventRounds "15"]
[EventCountry "GER"]
[SourceTitle "Bundesliga 0001"]
[Source "DeepChess"]
[SourceDate "2005.01.01"]
[SourceVersion "1"]
[SourceVersionDate "2005.01.01"]
[SourceQuality "1"]
[WhiteTeam "SV Castrop Rauxel 1923"]
[BlackTeam "SV Wattenscheid 1930"]
[WhiteTeamCountry "GER"]
[BlackTeamCountry "GER"]

1. Nf3 Nf6 2. c4 e6 3. g3 d5 4. Bg2 dxc4 5. Qa4+ Nbd7 6. Qxc4 a6 7. Qc2 Rb8 8.
O-O b5 9. a4 Be7 10. axb5 axb5 11. Nc3 b4 12. Nd4 Ne5 13. Ncb5 c5 14. f4 cxd4
15. Nc7+ Kf8 16. fxe5 d3 17. exd3 Qd4+ 18. Kh1 Qxe5 19. d4 Qe2 20. Kg1 Qg4 21.
Qc4 b3 22. Ra8 Rxa8 23. Nxa8 e5 24. d3 Qxd4+ 25. Qxd4 exd4 26. Bf4 Ng4 27. Rc1
Bf5 28. Be4 Be6 29. Nc7 g5 30. Nxe6+ fxe6 31. Bd2 h5 32. Rc7 h4 33. gxh4 gxh4
34. h3 Ne3 35. Rc8+ Kg7 36. Rxh8 Kxh8 37. Bxe3 dxe3 38. Kf1 Bf6 39. Bc6 Bxb2
40. Ba4 Kg7 41. Bxb3 Kf6 1/2-1/2

[Event "Bundesliga 0001"]
[Site "Deutschland"]
[Date "2001.01.07"]
[Round "5.2"]
[White "Hall, Jesper"]
[Black "King, Daniel J"]
[Result "1-0"]
[WhiteElo "2498"]
[BlackElo "2525"]
[PlyCount "76"]
[EventDate "2000.10.14"]
[EventType "team"]
[EventRounds "15"]
[EventCountry "GER"]
[SourceTitle "Bundesliga 0001"]
[Source "DeepChess"]
[SourceDate "2005.01.01"]
[SourceVersion "1"]
[SourceVersionDate "2005.01.01"]
[SourceQuality "1"]
[WhiteTeam "SV Wattenscheid 1930"]
[BlackTeam "SV Castrop Rauxel 1923"]
[WhiteTeamCountry "GER"]
[BlackTeamCountry "GER"]

1. e4 c5 2. Nc3 Nc6 3. Nf3 d6 4. d4 cxd4 5. Nxd4 e5 6. Nxc6 bxc6 7. f4 Nf6 8.
Bc4 Qb6 9. Qf3 Be7 10. Bb3 O-O 11. Be3 Qa6 12. f5 d5 13. exd5 cxd5 14. Bxd5 Rb8
15. Bb3 Rd8 16. Rd1 Rxd1+ 17. Kxd1 Bb7 18. Qg3 Bb4 19. Kc1 Qa5 20. Bd2 Rd8 21.
Rd1 e4 22. a3 Bd6 23. Nxe4 Bxg3 24. Nxf6+ gxf6 25. Bxa5 Rxd1+ 26. Kxd1 Bxh2 27.
Bc4 Bxg2 28. Be1 Be4 29. Bd3 Bxd3 30. cxd3 Kf8 31. Ke2 Ke7 32. Kf3 Be5 33. b4
Kd7 34. Ke4 Kc6 35. d4 Bd6 36. a4 a6 37. d5+ Kb7 38. Kd4 h5 $138 1-0

[Event "Bundesliga 0001"]
[Site "Deutschland"]
[Date "2001.01.07"]
[Round "5.3"]
[White "Seul, Georg"]
[Black "Handke, Florian"]
[Result "1/2-1/2"]
[WhiteElo "2447"]
[BlackElo "2455"]
[PlyCount "62"]
[EventDate "2000.10.14"]
[EventType "team"]
[EventRounds "15"]
[EventCountry "GER"]
[SourceTitle "Bundesliga 0001"]
[Source "DeepChess"]
[SourceDate "2005.01.01"]
[SourceVersion "1"]
[SourceVersionDate "2005.01.01"]
[SourceQuality "1"]
[WhiteTeam "SV Castrop Rauxel 1923"]
[BlackTeam "SV Wattenscheid 1930"]
[WhiteTeamCountry "GER"]
[BlackTeamCountry "GER"]

1. e4 c5 2. Nf3 Nc6 3. Bb5 g6 4. Bxc6 bxc6 5. O-O Bg7 6. Re1 Nh6 7. c3 O-O 8.
d4 cxd4 9. cxd4 d6 10. Nc3 f6 11. b3 Bd7 12. Bb2 Qa5 13. Nd2 Qa6 14. Nc4 Rad8
15. d5 e6 16. dxe6 Bxe6 17. Ne3 Nf7 18. Qc2 Rfe8 19. Rad1 Qa5 20. Ne2 Qxa2 21.
Nd4 Qa6 22. Qxc6 Qxc6 23. Nxc6 Rc8 24. Rc1 Bd7 25. Nxa7 Rxc1 26. Rxc1 Rxe4 27.
Rc7 Be6 28. Rb7 h5 29. Nb5 Rb4 30. Nxd6 Rxb7 31. Nxb7 Bxb3 1/2-1/2

[Event "Bundesliga 0001"]
[Site "Deutschland"]
[Date "2001.01.07"]
[Round "5.4"]
[White "Holzke, Frank"]
[Black "Appel, Ralf"]
[Result "0-1"]
[WhiteElo "2470"]
[BlackElo "2481"]
[PlyCount "126"]
[EventDate "2000.10.14"]
[EventType "team"]
[EventRounds "15"]
[EventCountry "GER"]
[SourceTitle "Bundesliga 0001"]
[Source "DeepChess"]
[SourceDate "2005.01.01"]
[SourceVersion "1"]
[SourceVersionDate "2005.01.01"]
[SourceQuality "1"]
[WhiteTeam "SV Wattenscheid 1930"]
[BlackTeam "SV Castrop Rauxel 1923"]
[WhiteTeamCountry "GER"]
[BlackTeamCountry "GER"]

1. e4 g6 2. d4 Bg7 3. Nc3 c6 4. Bc4 d6 5. Qe2 Nf6 6. e5 dxe5 7. dxe5 Nd5 8. Bd2
O-O 9. O-O-O b5 10. Bd3 Na6 11. f4 Nab4 12. Nxd5 Nxd3+ 13. Qxd3 cxd5 14. Bc3
Qb6 15. Bd4 Qa6 16. Qb3 b4 17. Qxb4 Bf5 18. Qa3 Qxa3 19. bxa3 Rfc8 20. Rd2 Bh6
21. Ne2 e6 22. g3 Bf8 23. Bb2 Rc4 24. Re1 Rac8 25. Nd4 Be4 26. Ree2 Bc5 27. Nb5
Rc6 28. Bd4 Rb6 29. Bxc5 Rxb5 30. Bxa7 Ra4 31. Bd4 Rxa3 32. Re3 Rxa2 33. g4 Rb4
34. g5 Raa4 35. Bc3 Rc4 36. Bb2 Bf5 37. Rb3 Ra8 38. Rb7 Rac8 39. Bd4 Bxc2 40.
Kb2 Bf5 41. Ka3 Bc2 42. Kb2 Kf8 43. Ka3 Ra8+ 44. Kb2 Raa4 45. Bc3 d4 46. Bb4+
Raxb4+ 47. Rxb4 Rxb4+ 48. Kxc2 d3+ 49. Kxd3 Rxf4 50. Rg2 h6 51. gxh6 Kg8 52.
Rg3 Rh4 53. Rg2 Rh5 54. Kd4 Kh7 55. Re2 Kxh6 56. Kc5 Kg5 57. Kd6 Kg4 58. Ke7
Rf5 59. Kf8 Kf4 60. Kg7 g5 61. Re1 g4 62. Re2 Rxe5 63. Rf2+ Kg5 0-1